[Event "Angers op 9th"]
[Site "Angers"]
[Date "2014.05.09"]
[Round "1"]
[White "Peric, Slavisa"]
[Black "Godefroy, Philippe"]
[Result "1-0"]
[WhiteElo "2178"]
[BlackElo "1750"]
[PlyCount "67"]
[EventDate "2014.05.09"]
[EventType "swiss"]
[EventRounds "6"]
[EventCountry "FRA"]
[SourceTitle "CBM 160 Extra"]
[Source "ChessBase"]
[SourceDate "2014.07.01"]
[SourceVersion "1"]
[SourceVersionDate "2014.07.01"]
[SourceQuality "1"]

1. d4 f5 2. g3 Nf6 3. Bg2 g6 4. c3 d5 5. Nh3 Bg7 6. Nd2 0-0 7. Nf4 c6 8. 0-0 Ne4 9. Nd3 Nd7 10. Nf3 Ndf6 11. Nfe5 b6 12. Nxc6 Qe8 13. Nce5 e6 14. f3 Nd6 15. a4 Bb7 16. Qb3 Nd7 17. Bf4 Nxe5 18. Bxe5 Nc4 19. Bf4 Qe7 20. Qb4 Rfe8 21. Qxe7 Rxe7 22. Rfe1 e5 23. dxe5 Bxe5 24. Nxe5 Nxb2 25. Reb1 Nc4 26. Nxc4 dxc4 27. Kf2 Rae8 28. Bf1 Kf7 29. a5 Re6 30. axb6 axb6 31. Ra7 R8e7 32. e4 Rc6 33. exf5 gxf5 34. Rb4 1-0

[Event "Fouesnant op 15th"]
[Site "Fouesnant"]
[Date "2009.10.26"]
[Round "4"]
[White "Godefroy, Philippe"]
[Black "Arveuf, Rene"]
[Result "1-0"]
[WhiteElo "1859"]
[BlackElo "1640"]
[PlyCount "67"]
[EventDate "2009.10.26"]
[EventType "swiss"]
[EventRounds "9"]
[EventCountry "FRA"]
[SourceTitle "EXT 2010"]
[Source "ChessBase"]
[SourceDate "2010.11.25"]
[SourceVersion "1"]
[SourceVersionDate "2010.11.25"]
[SourceQuality "1"]

1. f4 f5 2. Nf3 Nf6 3. e3 e6 4. Be2 b6 5. 0-0 Be7 6. d3 0-0 7. Nc3 Bb7 8. Qe1 Bc5 9. a3 a5 10. d4 Be7 11. Bd3 d5 12. Ng5 Bc8 13. Ne2 h6 14. Nf3 Nh7 15. Qg3 Nc6 16. Bb5 Bd7 17. Bxc6 Bxc6 18. Ne5 Be8 19. Bd2 Bd6 20. Rac1 Bxe5 21. fxe5 Ng5 22. Nc3 Bd7 23. h4 Nh7 24. Ne2 Bb5 25. Rce1 Bxe2 26. Rxe2 g5 27. Ree1 g4 28. e4 h5 29. exf5 Rxf5 30. Rxf5 exf5 31. e6 Qd6 32. Bf4 Qc6 33. Qe3 Qxc2 34. Qe5 1-0

[Event "Paris Apsap op 50th"]
[Site "Paris"]
[Date "2002.??.??"]
[Round "3"]
[White "Godefroy, Philippe"]
[Black "Burke"]
[Result "1-0"]
[WhiteElo "1740"]
[BlackElo "1500"]
[PlyCount "57"]
[EventDate "2002.02.21"]
[EventType "swiss"]
[EventRounds "9"]
[EventCountry "FRA"]
[SourceTitle "EXT 2003"]
[Source "ChessBase"]
[SourceDate "2002.11.25"]
[SourceVersion "1"]
[SourceVersionDate "2002.11.25"]
[SourceQuality "1"]

1. e4 e6 2. d4 d5 3. e5 c5 4. c3 Nc6 5. Nf3 Nge7 6. Be2 Nf5 7. 0-0 Be7 8. b3 0-0 9. h3 a6 10. Na3 Bd7 11. Nc2 Qc8 12. Ne3 b5 13. Nxf5 exf5 14. Be3 Nd8 15. Qd2 Nb7 16. Rad1 Qc7 17. Bf4 Qc6 18. Rfe1 Be6 19. h4 h5 20. Bg5 f6 21. exf6 gxf6 22. Bf4 c4 23. Nh2 Na5 24. b4 Nb7 25. Bxh5 a5 26. Qe3 Nd8 27. Bh6 axb4 28. Qg3+ Kh8 29. Qg7# 1-0